[Event "Helsingor Xtracon op"]
[Site "Helsingor"]
[Date "2019.07.27"]
[Round "9"]
[White "Lalla, Karol"]
[Black "Nielsen, Pia"]
[Result "1-0"]
[WhiteElo "1534"]
[BlackElo "1365"]
[PlyCount "107"]
[EventDate "2019.07.20"]
[EventType "swiss"]
[EventRounds "10"]
[EventCountry "DEN"]
[SourceTitle "CBM 191 Extra"]
[Source "ChessBase"]
[SourceDate "2019.09.30"]
[SourceVersion "1"]
[SourceVersionDate "2019.09.30"]
[SourceQuality "1"]

1. d4 d5 2. f4 Bg4 3. Nd2 e6 4. Ngf3 Bxf3 5. Nxf3 Nd7 6. e3 Ngf6 7. Bd3 Ne4 8. 0-0 f5 9. Ne5 Nxe5 10. fxe5 Qg5 11. c4 0-0-0 12. cxd5 exd5 13. Bd2 h5 14. Ba5 Rh7 15. Qe2 Rh6 16. Rfc1 Rd7 17. Rc2 b6 18. Ba6+ Kd8 19. Be1 h4 20. Rac1 c5 21. dxc5 bxc5 22. Ba5+ Ke7 23. Bc8 c4 24. Bb4+ Rdd6 25. exd6+ Nxd6 26. Qf3 f4 27. exf4 Qh5 28. Bxd6+ Kxd6 29. Qa3+ Kc7 30. Qxf8 Rf6 31. Qxg7+ Rf7 32. Qe5+ Qxe5 33. fxe5 Kxc8 34. e6 Re7 35. Re1 Kc7 36. Rf2 Kd6 37. Rf7 Rxe6 38. Rxe6+ Kxe6 39. Rxa7 Ke5 40. Kf2 Ke4 41. Rh7 Kd3 42. Rxh4 d4 43. Ke1 Ke3 44. a4 d3 45. a5 d2+ 46. Kd1 Kd3 47. Rh3+ Ke4 48. Kxd2 c3+ 49. Rxc3 Kd5 50. a6 Ke5 51. a7 Kf4 52. a8Q Kf5 53. Rc5+ Kf4 54. Qa4# 1-0

[Event "Helsingor Xtracon op"]
[Site "Helsingor"]
[Date "2019.07.24"]
[Round "6"]
[White "Nielsen, Pia"]
[Black "Morling, Aase"]
[Result "1/2-1/2"]
[WhiteElo "1365"]
[BlackElo "1470"]
[PlyCount "37"]
[EventDate "2019.07.20"]
[EventType "swiss"]
[EventRounds "10"]
[EventCountry "DEN"]
[SourceTitle "CBM 191 Extra"]
[Source "ChessBase"]
[SourceDate "2019.09.30"]
[SourceVersion "1"]
[SourceVersionDate "2019.09.30"]
[SourceQuality "1"]

1. Nf3 Nf6 2. d4 e6 3. c4 Bb4+ 4. Nbd2 0-0 5. a3 Bxd2+ 6. Bxd2 Ne4 7. g3 Nxd2 8. Qxd2 b6 9. Bg2 Bb7 10. 0-0 d5 11. Rac1 Nd7 12. Rc3 c5 13. b4 dxc4 14. Rxc4 Bd5 15. Rc3 cxd4 16. Qxd4 Qf6 17. Rfc1 Qxd4 18. Nxd4 Bxg2 19. Kxg2 1/2-1/2

[Event "Helsingor Xtracon op"]
[Site "Helsingor"]
[Date "2019.07.21"]
[Round "2"]
[White "Nielsen, Pia"]
[Black "Manz, Andreas"]
[Result "0-1"]
[WhiteElo "1365"]
[BlackElo "1770"]
[PlyCount "126"]
[EventDate "2019.07.20"]
[EventType "swiss"]
[EventRounds "10"]
[EventCountry "DEN"]
[SourceTitle "CBM 191 Extra"]
[Source "ChessBase"]
[SourceDate "2019.09.30"]
[SourceVersion "1"]
[SourceVersionDate "2019.09.30"]
[SourceQuality "1"]

1. Nf3 d5 2. d4 Nf6 3. Bg5 e6 4. Nbd2 Be7 5. g3 0-0 6. Bg2 Nbd7 7. 0-0 c5 8. c3 h6 9. Bxf6 Bxf6 10. Qc2 Qb6 11. e3 Rd8 12. Rab1 Qd6 13. Rfd1 cxd4 14. Nxd4 b6 15. e4 Bb7 16. f4 Bxd4+ 17. cxd4 dxe4 18. Nxe4 Qb4 19. a3 Qe7 20. h4 Rac8 21. Qf2 Rc7 22. Rbc1 Rdc8 23. Rxc7 Rxc7 24. Kh2 Nb8 25. g4 Qd8 26. Rd3 Rd7 27. Nd2 Bxg2 28. Kxg2 Nc6 29. Nb3 Rd5 30. Kg3 Qd6 31. Kh3 a5 32. a4 Qb4 33. g5 hxg5 34. hxg5 Qxa4 35. Qg1 Qc4 36. Rc3 Qb5 37. Qd1 a4 38. Qd3 Qxd3+ 39. Rxd3 axb3 40. Rxb3 b5 41. Ra3 g6 42. Ra6 Nxd4 43. Ra8+ Kg7 44. Kg3 Nf5+ 45. Kf3 Rd3+ 46. Ke2 Rb3 47. Kd2 Rxb2+ 48. Kc3 Rb1 49. Kc2 Rb4 50. Kc3 Rxf4 51. Rb8 b4+ 52. Kb3 Ne3 53. Kb2 Nd5 54. Kb1 Rg4 55. Kb2 Rxg5 56. Kb1 Rg2 57. Kc1 g5 58. Kd1 g4 59. Ke1 g3 60. Kd1 Ra2 61. Kc1 g2 62. Kb1 Nc3+ 63. Kc1 g1Q# 0-1